WIPO Copyright Treaty (WCT) (1996) (Record no. 83139)

MARC details
000 -LEADER
fixed length control field 00760nam a2200169 a 4500
008 - FIXED-LENGTH DATA ELEMENTS--GENERAL INFORMATION
fixed length control field 090527s1997 ||||||||||||||||| || u
020 ## - INTERNATIONAL STANDARD BOOK NUMBER
International Standard Book Number 9280507060
050 ## - LIBRARY OF CONGRESS CALL NUMBER
Classification number WIPO(02)
110 ## - MAIN ENTRY--CORPORATE NAME
Corporate name or jurisdiction name as entry element World Intellectual Property Organization (WIPO)
245 10 - TITLE STATEMENT
Title WIPO Copyright Treaty (WCT) (1996)
260 ## - PUBLICATION, DISTRIBUTION, ETC.
Place of publication, distribution, etc. Geneva
Name of publisher, distributor, etc. WIPO
Date of publication, distribution, etc. 1997
300 ## - PHYSICAL DESCRIPTION
Extent 53p.
350 ## -
-- 0.00
650 ## - SUBJECT ADDED ENTRY--TOPICAL TERM
Topical term or geographic name entry element COPYRIGHT--WORLD INTELLECTUAL PROPERTY ORGANIZATION
995 ## -
-- SPECIAL COLLECTIONS
-- 0.00
-- 03004316
-- CBU-MAIN LIBRARY (Kitwe)
-- 1
-- 0.00
-- WIPO(02)1997/1A
-- 1
-- AVAILABLE
-- Jul 1, 2009
-- Z03004316
-- International Publications
995 ## -
-- SPECIAL COLLECTIONS
-- 0.00
-- 03004317
-- CBU-MAIN LIBRARY (Kitwe)
-- 1
-- 0.00
-- WIPO(02)1997/1B
-- 2
-- AVAILABLE
-- Jul 1, 2009
-- Z03004317
-- International Publications
999 ## -
-- 83139
-- 83139
Holdings
Withdrawn status Lost status Source of classification or shelving scheme Damaged status Not for loan Permanent Location Current Location Shelving location Date acquired Total Checkouts Full call number Barcode Date last seen Copy number Price effective from Koha item type
          CBU-MAIN LIBRARY, KITWE. CBU-MAIN LIBRARY, KITWE.   10/25/2023   WIPO(02)1997/1A Z03004316 10/25/2023 1 10/25/2023 SPECIAL COLLECTION
          CBU-MAIN LIBRARY, KITWE. CBU-MAIN LIBRARY, KITWE.   10/25/2023   WIPO(02)1997/1B Z03004317 10/25/2023 2 10/25/2023 SPECIAL COLLECTION